Régions françaises par population - Dans l’ordre - Statistiques

Statistiques générales
  • Ce quiz a été pris 98 fois
  • Le résultat moyen est 13 sur 18
Statistiques - réponses
Population Région % Correct
12 358 932 Île-de-France
100%
8 197 325 Auvergne-Rhône-Alpes
88%
6 110 365 Nouvelle-Aquitaine
81%
6 101 005 Occitanie
78%
5 562 262 Grand-Est
75%
5 980 697 Hauts-de-France
73%
5 160 091 Provence-Alpes-Côte d’Azur
73%
3 429 882 Bretagne
70%
347 686 Martinique
69%
2 572 878 Centre-Val de Loire
68%
375 845 Guadeloupe
66%
873 102 La Réunion
66%
3 317 023 Normandie
66%
310 022 Mayotte
65%
301 099 Guyane
62%
3 907 426 Pays de la Loire
62%
351 255 Corse
61%
2 786 296 Bourgogne-Franche-Comté
59%
Aucun quiz correspondant
Distribution des résultats
% des personnes avec chaque résultat
Percentile par nombre de réponses
Votre historique - résultats
Vous n’avez pas pris ce quiz